Actors who worked with Ridley Scott - Statistics

General Stats
  • This quiz has been taken 133 times
    88 since last reset
  • The average score is 50 of 219
Answer Stats
Films Answer % Correct
Gladiator, American Gangster, Robin Hood, Body of Lies, A Good Year Russell Crowe
100%
The Martian, The Last Duel Matt Damon
95%
Blade Runner Harrison Ford
90%
Gladiator | Napoleon Joaquin Phoenix
85%
American Gangster, Gladiator II Denzel Washington
79%
Promotheus, Alien: Covenant, The Counselor Michael Fassbender
79%
Hannibal Anthony Hopkins
77%
House of Gucci | The Last Duel Adam Driver
74%
G. I. Jane Demi Moore
74%
Alien, Exodus: Gods and Kings, 1492: Conquest of Paradise Sigourney Weaver
74%
G. I. Jane Josh Hopkins
72%
Hannibal Julianne Moore
72%
Black Hawk Down | Kingdom of Heaven Orlando Bloom
69%
Thelma & Louise, The Counselor Brad Pitt
67%
Body of Lies Leonardo DiCaprio
67%
The Last Duel Ben Affleck
64%
Exodus: Gods and Kings Christian Bale
64%
Thelma & Louise Geena Davis
62%
House of Gucci Lady Gaga
62%
Promotheus, American Gangster Idris Elba
59%
The Martian Mackenzie Davis
59%
Legend Mia Sara
59%
Thelma & Louise Susan Sarandon
59%
The Martian Jessica Chastain
56%
Promotheus Charlize Theron
54%
Gladiator Djimon Hounsou
54%
Blade Runner Rutger Hauer
51%
The Martian, American Gangster Chiwetel Ejiofor
49%
All the Money in the World Christopher Plummer
49%
Gladiator Richard Harris
49%
Promotheus Sean Harris
49%
All the Money in the World Charlie Plummer
46%
Gladiator, Gladiator II Connie Nielsen
46%
Black Hawk Down Ewan McGregor
46%
House of Gucci Jared Leto
46%
Kingdom of Heaven Liam Neeson
46%
Gladiator II Paul Mescal
46%
The Counselor Penélope Cruz
46%
The Martian Donald Glover
44%
Kingdom of Heaven Edward Norton
44%
The Duellists | Thelma & Louise Harvey Keitel
44%
Alien John Hurt
44%
Legend Tom Cruise
44%
House of Gucci Al Pacino
41%
Robin Hood Cate Blanchett
41%
Blade Runner Sean Young
41%
Robin Hood William Hurt
41%
Hannibal Gary Oldman
38%
Black Hawk Down Josh Hartnett
38%
All the Money in the World Mark Wahlberg
38%
Blade Runner Daryl Hannah
36%
Promotheus Guy Pearce
36%
Exodus: Gods and Kings Joel Edgerton
36%
Black Rain Michael Douglas
36%
Gladiator Oliver Reed
36%
Napoleon Vanessa Kirby
36%
Exodus: Gods and Kings Ben Kingsley
33%
Kingdom of Heaven Eva Green
33%
Alien Ian Holm
33%
The Last Duel Jodie Comer
33%
Promotheus Noomi Rapace
33%
Hannibal Ray Liotta
33%
The Martian Sean Bean
33%
The Counselor Javier Bardem
31%
House of Gucci, Kingdom of Heaven Jeremy Irons
31%
The Martian Kate Mara
31%
All the Money in the World Michelle Williams
31%
Matchstick Men Nicolas Cage
31%
Kingdom of Heaven Brendan Gleeson
28%
Promotheus Logan Marshall-Green
28%
Gladiator II Pedro Pascal
28%
The Martian Sebastian Stan
28%
Black Hawk Down Tom Hardy
28%
Gladiator, Gladiator II Derek Jacobi
26%
Black Hawk Down Eric Bana
26%
White Squall Jeff Bridges
26%
Matchstick Men Sam Rockwell
26%
Alien Tom Skerritt
26%
The Martian, Promotheus Benedict Wong
23%
The Martian Jeff Daniels
23%
The Martian Michael Pena
23%
Robin Hood, Body of Lies Oscar Isaac
23%
G. I. Jane Viggo Mortensen
23%
Exodus: Gods and Kings Ben Mendelsohn
21%
The Counselor Cameron Diaz
21%
1492: Conquest of Paradise Gérard Depardieu
21%
Alien Harry Dean Stanton
21%
The Martian Kristen Wiig
21%
Body of Lies | Robin Hood Mark Strong
21%
Alien: Covenant Danny McBride
18%
A Good Year Marion Cotillard
18%
The Martian Naomi Scott
18%
Legend Tim Curry
18%
Alien Yaphet Kotto
18%
The Last Duel Clive Russell
15%
The Duellists Edward Fox
15%
Gladiator, Prometheus, Hannibal, Black Hawk Down, Kingdom of Heaven, Robin Hood, Matchstick Men, Body of Lies, Exodus: Gods and Kings, The Counselor, A Good Year Giannina Facio
15%
Black Hawk Down Jason Isaacs
15%
The Duellists Keith Carradine
15%
Black Hawk Down William Fichtner
15%
Exodus: Gods and Kings Aaron Paul
13%
The Duellists, A Good Year Albert Finney
13%
Black Rain Andy García
13%
Black Hawk Down Ewen Bremner
13%
Gladiator II Joseph Quinn
13%
Alien: Covenant Katherine Waterston
13%
Thelma & Louise Michael Madsen
13%
Black Hawk Down, Kingdom of Heaven Nikolaj Coster-Waldau
13%
Promotheus Patrick Wilson
13%
House of Gucci Salma Hayek
13%
Gladiator Spencer Treat Clark
13%
Alien Veronica Cartwright
13%
The Martian Aksel Hennie
10%
Matchstick Men Alison Lohman
10%
Blade Runner Brion James
10%
Kingdom of Heaven David Thewlis
10%
Alien: Covenant Demián Bichir
10%
Blade Runner Edward James Olmos
10%
Gladiator II Fred Hechinger
10%
Hannibal Giancarlo Giannini
10%
Kingdom of Heaven Iain Glen
10%
Exodus: Gods and Kings John Turturro
10%
American Gangster Josh Brolin
10%
Exodus: Gods and Kings María Valverde
10%
The Last Duel, Kingdom of Heaven Marton Csokas
10%
Blade Runner M. Emmet Walsh
10%
Gladiator Ralf Moeller
10%
Black Hawk Down Sam Shepard
10%
Someone to Watch Over Me Tom Berenger
10%
Black Hawk Down Tom Sizemore
10%
Hannibal, Black Hawk Down, White Squall | The Last Duel Zeljko Ivanek
10%
Kingdom of Heaven Alexander Siddig
8%
American Gangster, 1492: Conquest of Paradise Armand Assante
8%
American Gangster Cuba Gooding Jr.
8%
Robin Hood Danny Huston
8%
Hannibal Frankie Faison
8%
Body of Lies, Exodus: Gods and Kings Golshifteh Farahani
8%
Exodus: Gods and Kings Indira Varma
8%
House of Gucci Jack Huston
8%
Kingdom of Heaven Michael Sheen
8%
Body of Lies Michael Stuhlbarg
8%
Napoleon Tahar Rahim
8%
The Duellists Tom Conti
8%
Black Hawk Down Ty Burrell
8%
A Good Year Abbie Cornish
5%
Alien: Covenant Carmen Ejogo
5%
Gladiator David Schofield
5%
Gladiator II Fred Mensah
5%
Blade Runner James Hong
5%
Alien: Covenant Jussie Smollett
5%
Promotheus Kate Dickie
5%
Robin Hood Max von Sydow
5%
All the Money in the World Romain Duris
5%
Alien: Covenant Billy Crudrup
3%
The Counselor Bruno Ganz
3%
House of Gucci Camille Cottin
3%
American Gangster Carla Gugino
3%
White Squall Caroline Goodall
3%
Thelma & Louise Christopher McDonald
3%
A Good Year Freddie Highmore
3%
Robin Hood Léa Seydoux
3%
Gladiator II Lior Raz
3%
Robin Hood Luke Evans
3%
Gladiator II Matt Lucas
3%
Someone to Watch Over Me Mimi Rogers
3%
Promotheus, A Good Year Rafe Spall
3%
Gladiator II Rory McCann
3%
White Squall Ryan Philippe
3%
The Last Duel Alex Lawther
0%
Napoleon Ben Miles
0%
Matchstick Men Bruce Altman
0%
Matchstick Men Bruce McGill
0%
All the Money in the World Charlie Shotwell
0%
Legend David Bennent
0%
The Counselor Dean Norris
0%
Robin Hood Denis Ménochet
0%
Napoleon Edouard Philipponat
0%
Robin Hood Eileen Atkins
0%
Hannibal Francesca Neri
0%
1492: Conquest of Paradise Frank Langella
0%
The Last Duel Harriet Walter
0%
White Squall James Rebhorn
0%
Napoleon Jannie Niewöhner
0%
White Squall Jeremy Sisto
0%
G. I. Jane Jim Caviezel
0%
Blade Runner Joe Turkel
0%
White Squall John Savage
0%
Gladiator John Shrapnel
0%
Black Rain Kate Capshaw
0%
Black Rain Ken Takakura
0%
American Gangster Kevin Corrigan
0%
Someone to Watch Over Me Lorraine Bracco
0%
Napoleon Ludivine Sagnier
0%
Napoleon Mark Bonnar
0%
Robin Hood Matthew Macfadyen
0%
Napoloen Miles Jupp
0%
G. I. Jane Morris Chestnut
0%
The Counselor Natalie Dormer
0%
The Last Duel Nathaniel Parker
0%
Napoleon Paul Rhys
0%
The Counselor Rosie Perez
0%
Napoleon Rupert Everett
0%
White Squall Scott Wolf
0%
Robin Hood, Body of Lies Simon McBurney
0%
Thelma & Louise Stephen Tobolowsky
0%
American Gangster Ted Levine
0%
Thelma & Louise Timothy Carhart
0%
All the Money in the World Timothy Hutton
0%
Gladiator Tomas Arena
0%
A Good Year Tom Hollander
0%
A Good Year Valeria Bruni Tedeschi
0%
The Last Duel William Houston
0%
Blade Runner William Sanderson
0%
No matching quizzes found
Score Distribution
Percent of People with Each Score
Percentile by Number Answered
Your Score History
You have not taken this quiz since the last reset